00748nam a2200193 i 450000100060000000300090000600500170001500700030003200800410003510000300007624501480010626000340025430000300028870000290031870000320034785200320037999900170041195201260042864925ES-MaACL20230906165245.0t|040107s1961 sp ||||1| spa d1 aFournials, Gaston.95196813aEl duelo compra-venta b: el arte comprar y el arte de vender /cpor Gaston Fournials, Marcel Chapotin ; [traducción por Francisco Payarols]. aBarcelona : bOmega, c[1961] a192 p. : bil. ; c23 cm.1 aChapotin, Marcel.9380391 aPayarols, Francisco.989715 aES-MaACLjC-21523 bR.49762 c64925d64925 00104070aATENEOMbATENEOMcGaleríad2008-01-17eSCl0oC-21523p1068028r2023-02-23 00:00:00w2023-02-23yMONOGRAFIA